EA FC26 All Gold Colombia Players - Statistics

General Stats
  • This quiz has been taken 33 times
  • The average score is 14 of 30
Answer Stats
Rate Club Answer % Correct
85 Bayern Luis Diaz
96%
82 Galatasaray Davinson Sanchez
85%
82 Torino Duvan Zapata
85%
81 Crystal Palace Daniel Munoz
77%
77 Crystal Palace Jefferson Lerma
73%
76 Pisa Juan Cuadrado
62%
76 Orlando City Luis Muriel
62%
76 Atletico Nacional David Ospina
58%
79 Fenerbahce Jhon Duran
58%
78 Mallorca Johan Mojica
58%
79 Benfica Richard Rios
58%
78 Real Betis Cucho Hernandez
50%
78 Wolves Jhon Arias
50%
77 Cagliari Yerry Mina
46%
76 Bologna Jhon Lucumi
42%
77 River Plate Juan Quintero
42%
75 Once Caldas Dayro Moreno
38%
77 Sporting Luis Suarez
38%
76 Atletico Nacional Mateus Uribe
38%
76 River Plate Miguel Borja
38%
75 Girona Yaser Asprilla
31%
76 Lens Deiver Machado
27%
76 Rosario Central Jaminton Campaz
27%
77 River Plate Kevin Castano
27%
75 Real Betis Nelson Deossa
23%
75 Rivadavia Sebastian Villa
23%
75 Atletico Nacional Alfredo Morelos
15%
75 Velez Sarsfield Alvaro Montero
12%
78 San Jose Earthquakes Cristian Arango
8%
75 Seattle Sounders Yeimar Gomez Andrade
8%
No matching quizzes found
Score Distribution
Percent of People with Each Score
Percentile by Number Answered
Your Score History
You have not taken this quiz